[Event "IECG CF.2007.0.00090 email"]
[Site "IECG email"]
[Date "2007.12.29"]
[Round "1"]
[White "Langley, Brian"]
[Black "De Booy, Marco"]
[Result "0-1"]
[WhiteElo "1100"]
[BlackElo "963"]
[PlyCount "40"]
[EventDate "2007.12.29"]
[EventType "tourn (corr)"]
[EventRounds "6"]
[SourceTitle "Corr 2024"]
[Source "ChessBase"]
[SourceDate "2023.10.19"]
[SourceVersion "1"]
[SourceVersionDate "2023.10.19"]
[SourceQuality "1"]

1. e4 e5 2. Nf3 Nf6 3. Nxe5 d6 4. Nf3 Nxe4 5. Nc3 Nxc3 6. dxc3 Be7 7. Bf4 Be6 8. Qd2 Nc6 9. 0-0-0 a6 10. Bd3 Qd7 11. Rhe1 0-0-0 12. Ng5 Bxg5 13. Bxg5 f6 14. Bh4 h6 15. Bg6 Bf5 16. Bxf5 Qxf5 17. f3 Rhe8 18. Rxe8 Rxe8 19. Re1 Rxe1+ 20. Bxe1 Qe6 0-1

[Event "IECC M email"]
[Site "IECC email"]
[Date "2000.05.11"]
[Round "?"]
[White "Langley, Brian"]
[Black "Terry, Bob"]
[Result "0-1"]
[WhiteElo "1289"]
[BlackElo "1411"]
[PlyCount "74"]
[EventDate "2000.??.??"]
[EventType "tourn (corr)"]
[EventRounds "2"]
[SourceTitle "Corr 2008"]
[Source "ChessBase"]
[SourceDate "2008.06.24"]
[SourceVersion "1"]
[SourceVersionDate "2008.06.24"]
[SourceQuality "1"]

1. e4 c6 2. d4 d5 3. Nc3 dxe4 4. Nxe4 Bf5 5. Ng3 Bg6 6. h4 h6 7. Nh3 Nd7 8. Nf4 Bh7 9. Bc4 e5 10. Qe2 Qe7 11. dxe5 Nxe5 12. Be6 fxe6 13. Qxe5 Nf6 14. Qxe6 Bxc2 15. 0-0 Qxe6 16. Nxe6 Kf7 17. Nd4 Bg6 18. Bd2 Rd8 19. Bc3 c5 20. Nf3 Bd6 21. Ne5+ Bxe5 22. Bxe5 Rhe8 23. Bc3 Nd5 24. Rad1 Nxc3 25. Rxd8 Ne2+ 26. Nxe2 Rxd8 27. Rc1 b6 28. a3 Rd2 29. b4 Rxe2 30. bxc5 bxc5 31. Rxc5 Rc2 32. Rxc2 Bxc2 33. Kf1 g5 34. g3 gxh4 35. gxh4 Kf6 36. Kg2 Kf5 37. Kg3 Bd1 0-1